000 00488 a2200157 4500
022 _a1750-1784
041 0 _aeng
245 0 0 _aWorld Communications Regulation Report
260 _aWashington :
_bBna international inc.,
_c2006-.
300 _c30 cm.
336 _aTekst
_btxt
_2rdacontent
337 _aBez urządzenia pośredniczącego
_bn
_2rdamedia
338 _aWolumin
_bnc
_2rdacarrier
380 _aCzasopisma
650 _aPrawo telekomunikacyjne
710 2 _aBna International Inc..
_eWydawca
_4pbl
999 _c23935
_d23935